000 00263nam a2200109Ia 4500
008 200302s9999 xx 000 0 und d
100 _aJonathan Hill
245 _aWeather Architecture
260 _bRoutledge Taylor & Francis Group
260 _c2012
300 _a370
999 _c3315
_d3315